|
|
|
|
| LEADER |
00000nam0a2200000 4500 |
| 001 |
53416 |
| 005 |
20231031045245.0 |
| 010 |
|
|
|a 5898050434
|
| 035 |
|
|
|a (RuTPU)RU\TPU\book\56007
|
| 090 |
|
|
|a 53416
|
| 100 |
|
|
|a 20030619d2003 m y0rusy50 ca
|
| 101 |
0 |
|
|a rus
|
| 102 |
|
|
|a RU
|
| 105 |
|
|
|a a j 001zy
|
| 200 |
1 |
|
|a Основы гидромеханики
|e [учебник]
|f М. К. Овсянников, Е. Г. Орлова, П. С. Емельянов
|
| 210 |
|
|
|a Москва
|c РКонсульт
|d 2003
|
| 215 |
|
|
|a 160 с.
|c ил.
|
| 320 |
|
|
|a Библиогр.: с. 151
|
| 610 |
1 |
|
|a гидромеханика
|
| 610 |
1 |
|
|a статика
|
| 610 |
1 |
|
|a кинематика
|
| 610 |
1 |
|
|a жидкости
|
| 610 |
1 |
|
|a газы
|
| 610 |
1 |
|
|a задачи
|
| 610 |
1 |
|
|a решения
|
| 610 |
1 |
|
|a гидростатика
|
| 610 |
1 |
|
|a учебники
|
| 610 |
1 |
|
|a динамика
|
| 675 |
|
|
|a 532(075.8)
|v 3
|
| 700 |
|
1 |
|a Овсянников
|b М. К.
|g Михаил Константинович
|
| 701 |
|
1 |
|a Орлова
|b Е. Г.
|g Елена Геннадьевна
|
| 701 |
|
1 |
|a Емельянов
|b П. С.
|g Павел Сергеевич
|
| 801 |
|
1 |
|a RU
|b 63413507
|c 20030619
|g PSBO
|
| 801 |
|
2 |
|a RU
|b 63413507
|c 20051114
|g PSBO
|
| 942 |
|
|
|c BK
|